000 00442nam a2200157Ia 4500
005 20250514004803.0
008 240331s9999 xx 000 0 und d
020 _a9559102281
082 _a294
_bTHA
100 _aThaper, R
245 0 _aSaampradayaya gana durmatha :
_bIndian devathaviyan gananawa kiyaweemak
260 _aColombo
_bSocial Scientist Association
_c1999
300 _a36 p .,
500 _aStories of Indian goddess
942 _cL
999 _c907
_d907